MARC details
| 000 -CABECERA |
| campo de control de longitud fija |
01003nam a2200289 i 4500 |
| 001 - NÚMERO DE CONTROL |
| campo de control |
000020901 |
| 003 - IDENTIFICADOR DEL NÚMERO DE CONTROL |
| campo de control |
DO-SdBNP |
| 005 - FECHA Y HORA DE LA ÚLTIMA TRANSACCIÓN |
| campo de control |
20250313154710.0 |
| 007 - CAMPO FIJO DE DESCRIPCIÓN FÍSICA--INFORMACIÓN GENERAL |
| campo de control de longitud fija |
ta |
| 008 - DATOS DE LONGITUD FIJA--INFORMACIÓN GENERAL |
| campo de control de longitud fija |
100823s2006 gt a 001 0 spa d |
| 020 ## - NÚMERO INTERNACIONAL ESTÁNDAR DEL LIBRO |
| Número Internacional Estándar del Libro |
9992242507 |
| 040 ## - FUENTE DE LA CATALOGACIÓN |
| Centro catalogador/agencia de origen |
DO-SdBNP |
| Lengua de catalogación |
spa |
| Centro/agencia transcriptor |
BNPHU |
| Normas de descripción |
rda |
| 049 ## - FONDOS LOCALES (OCLC) |
| Fondos de biblioteca |
BNPD |
| 082 ## - NÚMERO DE LA CLASIFICACIÓN DECIMAL DEWEY |
| Número de clasificación |
xxxx |
| Número de documento/Ítem |
R426d |
| Número de edición |
22 |
| 100 1# - ENTRADA PRINCIPAL--NOMBRE DE PERSONA |
| Nombre de persona |
Valdez, Pedro Antonio, |
| Fechas asociadas al nombre |
1968- |
| Término indicativo de función/relación |
autor |
| Código de función/relación |
aut. |
| 9 (RLIN) |
22509 |
| 245 10 - MENCIÓN DE TÍTULO |
| Título |
República Dominicana : |
| Resto del título |
narradores del siglo XX / |
| Mención de responsabilidad, etc. |
Pedro Antonio Valdez ; ilustraciones, Mauro Osorio. |
| 264 #4 - PRODUCCIÓN, PUBLICACIÓN, DISTRIBUCIÓN, FABRICACIÓN Y COPYRIGHT |
| Producción, publicación, distribución, fabricación y copyright |
Guatemala : |
| Nombre del de productor, editor, distribuidor, fabricante |
Letra Negra Editores |
| -- |
Ediciones Ferilibro, |
| Fecha de producción, publicación, distribución, fabricación o copyright |
©2006. |
| 300 ## - DESCRIPCIÓN FÍSICA |
| Extensión |
239 páginas : |
| Otras características físicas |
ilustraciones ; |
| Dimensiones |
22 cm. |
| 336 ## - TIPO DE CONTENIDO |
| Término de tipo de contenido |
texto |
| Código de tipo de contenido |
txt |
| Fuente |
rdacontent |
| 337 ## - TIPO DE MEDIO |
| Nombre/término del tipo de medio |
sin mediación |
| Código del tipo de medio |
n |
| Fuente |
rdamedia |
| 338 ## - TIPO DE SOPORTE |
| Nombre/término del tipo de soporte |
volumen |
| Código del tipo de soporte |
nc |
| Fuente |
rdacarrier |
| 490 1# - MENCIÓN DE SERIE |
| Mención de serie |
Colección Iberoamericanos |
| Designación de volumen o secuencia |
7 |
| 500 ## - NOTA GENERAL |
| Nota general |
Incluye datos biográficos del autor en la contracubierta |
| 590 ## - NOTA LOCAL (RLIN) |
| Nota local |
Inventariado, 2025/BT |
| 700 1# - PUNTO DE ACCESO ADICIONAL--NOMBRE DE PERSONA |
| Nombre de persona |
Osorio, Mauto, |
| Término indicativo de función/relación |
ilustrador |
| Código de función/relación |
il. |
| 9 (RLIN) |
43804 |
| 942 ## - ELEMENTOS DE PUNTO DE ACCESO ADICIONAL (KOHA) |
| Fuente del sistema de clasificación o colocación |
Dewey Decimal Classification |
| Tipo de ítem Koha |
Libro |